| 000 | 00316 a2200133 4500 | ||
|---|---|---|---|
| 001 | 85001 | ||
| 020 | _a978-1-84996-952-9 | ||
| 082 | _a519.2 DEK | ||
| 090 |
_c40088 _d40087 |
||
| 100 | _aDekking | ||
| 245 | _aModern Introduction to Probability and Statistics | ||
| 260 |
_aIndia _bwiley _c2010 |
||
| 300 | _axv 488 | ||
| 942 |
_acaenust _k519.2 DEK |
||
| 999 |
_c320074 _d320074 |
||